00413cam a2200169ua 45000010005000000080039000050400009000440410008000530820012000611000024000732450038000972500009001352600029001443000010001736530044001836530016002278102150108n ii |||gr||||Z||||||hin cMAIN ahin a891.431 aPanta, S.,eAuthor.1 aSamaghitacBy Sumitranandan Panta a1st. aDelhi:bRajkamal,c1974. a166p. aEast Indo-European & Celtic literatures aHindi poems